Pedagogía
Gespeichert in:
| 1. Verfasser: | |
|---|---|
| Format: | Buch |
| Sprache: | Spanisch |
| Veröffentlicht: |
Barcelona
Luis Miracle
1953
|
| Schriftenreihe: | Biblioteca de Antropología, 13
|
| Schlagworte: | |
| Tags: |
Tag hinzufügen
Keine Tags, Fügen Sie den ersten Tag hinzu!
|
MARC
| LEADER | 00000nam a2200000 a 4500 | ||
|---|---|---|---|
| 001 | UCG1888 | ||
| 003 | CL-VaPUC | ||
| 008 | 100531e19530000SP |||||||||||||||||spa|d | ||
| 082 | 0 | 4 | |a 370.1 |b MOR |2 21 |
| 100 | |a Morando, Dante |e autor |9 549991 | ||
| 245 | 1 | 0 | |a Pedagogía |
| 300 | |a 334 p | ||
| 942 | |c BK | ||
| 945 | |d 20100531 00:00:00 |a rbrito | ||
| 260 | |a Barcelona |b Luis Miracle |c 1953 | ||
| 650 | 0 | |a Historia de la educación |9 257642 | |
| 650 | 0 | |a Civilizaciones antiguas |9 265998 | |
| 650 | 0 | |a Filosofía de la educación |9 258384 | |
| 650 | 0 | |a Cristianismo |9 257361 | |
| 650 | 0 | |a Psicología educacional |9 307830 | |
| 650 | 0 | |a Educación científica |9 307484 | |
| 650 | 0 | |a Edad media |9 258041 | |
| 650 | 0 | |a Sociología de la educación |9 260380 | |
| 583 | |a last modification |c 20170925 04:52:07 |k Rodrigo Vera | ||
| 490 | 0 | |a Biblioteca de Antropología, 13 | |
| 999 | |c 341146 |d 341144 | ||
| 952 | |0 0 |1 0 |4 0 |6 370_100000000000000_MOR_1953 |7 0 |8 P |9 436433 |a BIBEDU |b BIBEDU |c BIBEDU_PB |d 2019-11-22 |i 4679202 |o 370.1 MOR 1953 |p 4679202 |r 2024-01-25 |w 2019-11-22 |y BK |k EBA | ||